000 01055nam a22001937a 4500
999 _c145512
_d145512
005 20181126111835.0
010 _a17-18HN-4.8.17 B-709150-179
020 _c125.00
_a9788183932646
035 _aB-709150-179
037 _bएलजीपीडी
082 _a
245 _aविलियम शेक्सपियर की 21 अनमोल कहानियाँ /
_cइन्दु किंगर द्वारा अनुवादित
260 _aदिल्ली
_bन्यू साधना पाॅकेट बुक्स
_c2018
270 _bदिल्ली
_a70, रोशनअारा प्लाज़ा, रोशनअारा रोड
_e110007
300 _a367पृ.
_c22से.मी (अजिल्द)
700 _aइन्दु किंगर
942 _2ddc
_cHN
_h
_mविलिय